[Event "10. Torneo I. Cidade de Pontevedra 2022"]
[Site "Pontevedra ESP"]
[Date "2022.07.27"]
[Round "5.28"]
[White "Andias, Joao Pedro Menezes"]
[Black "Reza Salgado, Marcos"]
[Result "1-0"]
[WhiteElo "2045"]
[BlackElo "1790"]
[PlyCount "143"]
[EventDate "2022.07.24"]
[EventType "swiss"]
[EventRounds "9"]
[EventCountry "ESP"]
[SourceTitle "Ajedrez en Madrid"]
[Source "lmi"]
[SourceDate "2022.07.24"]
[SourceVersion "1"]
[SourceVersionDate "2022.08.06"]
[SourceQuality "1"]

1. e4 d6 2. d4 Nf6 3. Nc3 Nbd7 4. f4 e5 5. Nf3 Qe7 6. Bc4 exd4 7. Qxd4 Nb6 8.
Bd3 c5 9. Bb5+ Bd7 10. Qd3 O-O-O 11. O-O Bxb5 12. Nxb5 Kb8 13. Re1 Qd7 14. c4
Ne8 15. Be3 Nc7 16. Nc3 Be7 17. Rad1 h6 18. Rd2 Qe6 19. b3 f6 20. Nh4 Nc8 21.
f5 Qf7 22. Bf4 Rhg8 23. Red1 Rd7 24. Qg3 Rgd8 25. Ng6 b6 26. Qf3 Bf8 27. Bg3 a6
28. Rd3 Ka7 29. R1d2 Ne8 30. Qd1 Rb7 31. Ne2 Ne7 32. Nxf8 Qxf8 33. Bxd6 Nxd6
34. Rxd6 Rxd6 35. Rxd6 Qc8 36. Nf4 Nc6 37. Ne6 Ne5 38. Rd8 Qc6 39. Qd5 Qxd5 40.
Rxd5 a5 41. h3 Ka6 42. a4 Ka7 43. Kf2 Re7 44. Ke3 Nc6 45. Rd6 Ne5 46. Nf4 Nf7
47. Re6 Rd7 48. Nd5 Ng5 49. Re7 Rxe7 50. Nxe7 Kb7 51. Kf4 Nf7 52. Ng6 Kc7 53.
e5 Nd8 54. exf6 gxf6 55. Ne7 Kd6 56. Ng8 Nc6 57. Nxf6 Nd4 58. Ne4+ Ke7 59. Nd2
Kf6 60. g4 Ne2+ 61. Kf3 Ng1+ 62. Kg2 Ne2 63. h4 h5 64. gxh5 Kxf5 65. Kf3 Nd4+
66. Ke3 Nc2+ 67. Kf2 Kf6 68. Kg3 Ne3 69. Kf3 Nc2 70. Ke4 Nb4 71. h6 Kg6 72. Ke5
1-0

[Event "10. Torneo I. Cidade de Pontevedra 2022"]
[Site "Pontevedra ESP"]
[Date "2022.07.27"]
[Round "5.29"]
[White "Mosca, Leonildo"]
[Black "Roque Sola, Andrea"]
[Result "1/2-1/2"]
[WhiteElo "2050"]
[BlackElo "1913"]
[PlyCount "110"]
[EventDate "2022.07.24"]
[EventType "swiss"]
[EventRounds "9"]
[EventCountry "ESP"]
[SourceTitle "Ajedrez en Madrid"]
[Source "lmi"]
[SourceDate "2022.07.24"]
[SourceVersion "1"]
[SourceVersionDate "2022.08.06"]
[SourceQuality "1"]

1. e4 c5 2. Nf3 d6 3. Bb5+ Bd7 4. Bxd7+ Qxd7 5. d4 cxd4 6. Nxd4 Nc6 7. O-O Nf6
8. Re1 g6 9. c4 Bg7 10. Nc3 O-O 11. Be3 Rfd8 12. f3 e6 13. Rc1 Ne5 14. b3 Qe7
15. Qd2 Qf8 16. Bg5 h6 17. Bh4 g5 18. Bf2 Ng6 19. Nde2 Nh5 20. Qc2 Be5 21. Rcd1
Qg7 22. Bd4 Nhf4 23. Bxe5 Qxe5 24. g3 Qc5+ 25. Kf1 Nh5 26. Qd2 Ne5 27. Nd4 Nf6
28. Kg2 Ng6 29. Na4 Qc8 30. Nb5 Ne8 31. Qb4 Qc6 32. Nd4 Qc7 33. Rd2 d5 34. exd5
exd5 35. Nf5 dxc4 36. Rxd8 Rxd8 37. Qc3 f6 38. bxc4 Qd7 39. Qc2 Qd2+ 40. Re2
Qxc2 41. Rxc2 h5 42. Nc5 b6 43. Ne4 Ne5 44. c5 bxc5 45. Rxc5 Rb8 46. Nxf6+ Nxf6
47. Rxe5 Rb2+ 48. Kg1 Rxa2 49. Re7 Ra1+ 50. Kf2 Ra2+ 51. Kg1 Ra1+ 52. Kg2 g4
53. Nh6+ Kh8 54. Nf7+ Kg7 55. Ne5+ Kg8 1/2-1/2

[Event "10. Torneo I. Cidade de Pontevedra 2022"]
[Site "Pontevedra ESP"]
[Date "2022.07.27"]
[Round "5.30"]
[White "Alvarez Dominguez, Breixo"]
[Black "Victor, Julian"]
[Result "0-1"]
[WhiteElo "2026"]
[BlackElo "1944"]
[PlyCount "34"]
[EventDate "2022.07.24"]
[EventType "swiss"]
[EventRounds "9"]
[EventCountry "ESP"]
[SourceTitle "Ajedrez en Madrid"]
[Source "lmi"]
[SourceDate "2022.07.24"]
[SourceVersion "1"]
[SourceVersionDate "2022.08.06"]
[SourceQuality "1"]

1. d4 Nf6 2. c4 e6 3. Nc3 Bb4 4. Qc2 O-O 5. a3 Bxc3+ 6. Qxc3 d5 7. Bg5 c5 8. e3
h6 9. Bh4 g5 10. Bg3 Ne4 11. Qc2 Qa5+ 12. Kd1 Bd7 13. Nf3 Nc6 14. Nd2 cxd4 15.
Nb3 Qd8 16. exd4 Qf6 17. Nc5 Qxd4+ 0-1

[Event "10. Torneo I. Cidade de Pontevedra 2022"]
[Site "Pontevedra ESP"]
[Date "2022.07.27"]
[Round "5.31"]
[White "Bastos Gonzalez, Gonzalo"]
[Black "Grana Castanal, Andres"]
[Result "0-1"]
[WhiteElo "1946"]
[BlackElo "1917"]
[PlyCount "48"]
[EventDate "2022.07.24"]
[EventType "swiss"]
[EventRounds "9"]
[EventCountry "ESP"]
[SourceTitle "Ajedrez en Madrid"]
[Source "lmi"]
[SourceDate "2022.07.24"]
[SourceVersion "1"]
[SourceVersionDate "2022.08.06"]
[SourceQuality "1"]

1. d4 Nf6 2. c4 e6 3. g3 c5 4. d5 exd5 5. cxd5 d6 6. Bg2 g6 7. Nf3 Bg7 8. O-O
O-O 9. Nc3 Re8 10. Nd2 a6 11. a4 Nbd7 12. Nc4 Ne5 13. Na3 Rb8 14. h3 b5 15.
axb5 axb5 16. Naxb5 Qb6 17. f4 Nc4 18. Qd3 Na5 19. Rxa5 Qxa5 20. Nxd6 Ba6 21.
Nc4 Qb4 22. b3 Qxb3 23. Nd2 Bxd3 24. Nxb3 Rxb3 0-1

[Event "10. Torneo I. Cidade de Pontevedra 2022"]
[Site "Pontevedra ESP"]
[Date "2022.07.27"]
[Round "5.32"]
[White "Baldus Martin, Juan"]
[Black "Martin Andres, Carlos"]
[Result "1-0"]
[WhiteElo "2007"]
[BlackElo "1924"]
[PlyCount "93"]
[EventDate "2022.07.24"]
[EventType "swiss"]
[EventRounds "9"]
[EventCountry "ESP"]
[SourceTitle "Ajedrez en Madrid"]
[Source "lmi"]
[SourceDate "2022.07.24"]
[SourceVersion "1"]
[SourceVersionDate "2022.08.06"]
[SourceQuality "1"]

1. d4 Nf6 2. c4 g6 3. Nc3 Bg7 4. e4 d6 5. Nf3 e5 6. dxe5 dxe5 7. Qxd8+ Kxd8 8.
Bg5 h6 9. O-O-O+ Bd7 10. Bh4 Re8 11. c5 g5 12. Bg3 Nh5 13. Bc4 Nxg3 14. hxg3
Rf8 15. Nd5 c6 16. Ne3 Ke7 17. g4 Be6 18. Nd2 Nd7 19. Nb3 a5 20. a4 b6 21. Bxe6
fxe6 22. Nc4 Nxc5 23. Nxc5 bxc5 24. f3 Rfb8 25. Kc2 Rd8 26. Rxd8 Kxd8 27. b3
Kc7 28. Rd1 Bf6 29. Rd6 Re8 30. Kc3 Bh8 31. Rd1 Ra8 32. Kc2 Bf6 33. Rh1 Bg7 34.
Kc3 Bf8 35. Kb2 Ra7 36. Kb1 Bg7 37. Ka2 Ra6 38. Rc1 Ra8 39. Kb1 Ra6 40. Nb2 Rb6
41. Ka2 Rb4 42. Rxc5 Rd4 43. Rxa5 Kb6 44. Ra8 Rd2 45. Ka3 Rxg2 46. Nc4+ Kb7 47.
Re8 1-0

[Event "10. Torneo I. Cidade de Pontevedra 2022"]
[Site "Pontevedra ESP"]
[Date "2022.07.27"]
[Round "5.33"]
[White "Alonso Pacheco, Luis Joaquin"]
[Black "Martinez Garcia, Ruben"]
[Result "1/2-1/2"]
[WhiteElo "1903"]
[BlackElo "1992"]
[PlyCount "86"]
[EventDate "2022.07.24"]
[EventType "swiss"]
[EventRounds "9"]
[EventCountry "ESP"]
[SourceTitle "Ajedrez en Madrid"]
[Source "lmi"]
[SourceDate "2022.07.24"]
[SourceVersion "1"]
[SourceVersionDate "2022.08.06"]
[SourceQuality "1"]

1. e4 c5 2. Nf3 e6 3. d4 cxd4 4. Nxd4 Nf6 5. Bd3 Nc6 6. Nxc6 bxc6 7. Qe2 e5 8.
O-O Be7 9. c4 O-O 10. Nc3 Re8 11. Be3 d5 12. cxd5 cxd5 13. Nxd5 Nxd5 14. exd5
Qxd5 15. Bc4 Qb7 16. Rfd1 Rb8 17. b3 Ba3 18. Rd5 Qc7 19. Rad1 Be6 20. Rb5 Bxc4
21. Rxb8 Bxe2 22. Rxe8+ Bf8 23. Rdd8 h6 24. Rxf8+ Kh7 25. h3 f5 26. Rc8 Qb7 27.
Rce8 f4 28. Bxf4 exf4 29. Rxe2 g5 30. Rfe8 Kg6 31. R8e7 Qd5 32. R2e6+ Kf5 33.
Rxh6 Qd1+ 34. Kh2 g4 35. hxg4+ Qxg4 36. Ree6 Qd1 37. Rhf6+ Kg5 38. Rg6+ Kf5 39.
Ref6+ Ke5 40. Rh6 Qc2 41. Re6+ Kd5 42. Rd6+ Ke5 43. Rhe6+ Kf5 1/2-1/2

[Event "10. Torneo I. Cidade de Pontevedra 2022"]
[Site "Pontevedra ESP"]
[Date "2022.07.27"]
[Round "6.1"]
[White "Galperin, Platon"]
[Black "Mendonca, Leon Luke"]
[Result "1/2-1/2"]
[WhiteElo "2518"]
[BlackElo "2567"]
[PlyCount "40"]
[EventDate "2022.07.24"]
[EventType "swiss"]
[EventRounds "9"]
[EventCountry "ESP"]
[SourceTitle "Ajedrez en Madrid"]
[Source "lmi"]
[SourceDate "2022.07.24"]
[SourceVersion "1"]
[SourceVersionDate "2022.08.06"]
[SourceQuality "1"]

1. d4 d5 2. c4 c6 3. Nf3 Nf6 4. Nc3 e6 5. g3 dxc4 6. Bg2 b5 7. O-O Bb7 8. b3
cxb3 9. Qxb3 Be7 10. Ne5 a6 11. Rd1 O-O 12. a4 Qc8 13. Bg5 c5 14. axb5 Bxg2 15.
Kxg2 cxd4 16. Rxd4 Qb7+ 17. f3 h6 18. Bf4 Nbd7 19. Nc4 axb5 20. Rxa8 Rxa8
1/2-1/2

[Event "10. Torneo I. Cidade de Pontevedra 2022"]
[Site "Pontevedra ESP"]
[Date "2022.07.27"]
[Round "6.2"]
[White "Manolache, Marius"]
[Black "Grigoryan, Karen H."]
[Result "0-1"]
[WhiteElo "2469"]
[BlackElo "2643"]
[PlyCount "94"]
[EventDate "2022.07.24"]
[EventType "swiss"]
[EventRounds "9"]
[EventCountry "ESP"]
[SourceTitle "Ajedrez en Madrid"]
[Source "lmi"]
[SourceDate "2022.07.24"]
[SourceVersion "1"]
[SourceVersionDate "2022.08.06"]
[SourceQuality "1"]

1. d4 e6 2. Nf3 f5 3. g3 Nf6 4. Bg2 Be7 5. O-O O-O 6. c4 d6 7. Nc3 Ne4 8. Qc2
Nxc3 9. Qxc3 Bf6 10. Rd1 Qe7 11. b4 e5 12. b5 e4 13. Ne1 c5 14. Nc2 Be6 15. Qb3
Nd7 16. Bb2 Nb6 17. d5 Bf7 18. Ne3 Bg6 19. Rac1 f4 20. Nf1 e3 21. f3 Be5 22.
Bxe5 dxe5 23. Bh3 Qd6 24. Be6+ Bf7 25. Bf5 Nc8 26. Bxc8 Raxc8 27. Rc3 Bg6 28.
Qb2 Rce8 29. Re1 Re7 30. Ra3 b6 31. Kg2 h5 32. Nxe3 fxe3 33. Rxe3 e4 34. Qc3
Bf5 35. h4 exf3+ 36. exf3 Rfe8 37. Kf2 Kf7 38. Qa3 Rxe3 39. Rxe3 Rxe3 40. Qxe3
Qf6 41. Qc1 Qd4+ 42. Kg2 Bd3 43. Qg5 Qb2+ 44. Kg1 Qb1+ 45. Kf2 Qxa2+ 46. Kg1
Qb1+ 47. Kf2 Qc2+ 0-1

[Event "10. Torneo I. Cidade de Pontevedra 2022"]
[Site "Pontevedra ESP"]
[Date "2022.07.27"]
[Round "6.3"]
[White "Ruck, Robert"]
[Black "Vignesh, N R.."]
[Result "1/2-1/2"]
[WhiteElo "2544"]
[BlackElo "2427"]
[PlyCount "69"]
[EventDate "2022.07.24"]
[EventType "swiss"]
[EventRounds "9"]
[EventCountry "ESP"]
[SourceTitle "Ajedrez en Madrid"]
[Source "lmi"]
[SourceDate "2022.07.24"]
[SourceVersion "1"]
[SourceVersionDate "2022.08.06"]
[SourceQuality "1"]

1. Nf3 d5 2. d4 Nf6 3. c4 e6 4. Nc3 a6 5. cxd5 exd5 6. Bf4 Bd6 7. Bg3 O-O 8. e3
Re8 9. Bd3 c5 10. dxc5 Bxc5 11. O-O Nc6 12. Rc1 h6 13. Be2 d4 14. exd4 Bxd4 15.
Nxd4 Nxd4 16. Re1 Nxe2+ 17. Rxe2 Qxd1+ 18. Rxd1 Rxe2 19. Nxe2 Be6 20. Nc3 Rc8
21. Be5 Nd7 22. Bd4 Nb8 23. Bb6 Nc6 24. f4 Kh7 25. a3 Ne7 26. Kf2 Rc6 27. Be3
Nf5 28. Ne2 Bb3 29. Rc1 Re6 30. Rc3 Bd5 31. g4 Nd6 32. Ng3 Ne4+ 33. Nxe4 Rxe4
34. Rd3 Bc6 35. Rd4 1/2-1/2

[Event "10. Torneo I. Cidade de Pontevedra 2022"]
[Site "Pontevedra ESP"]
[Date "2022.07.27"]
[Round "6.4"]
[White "Shyaamnikhil, P.."]
[Black "Pulvett Marin, Daniel Eduardo"]
[Result "1/2-1/2"]
[WhiteElo "2443"]
[BlackElo "2523"]
[PlyCount "52"]
[EventDate "2022.07.24"]
[EventType "swiss"]
[EventRounds "9"]
[EventCountry "ESP"]
[SourceTitle "Ajedrez en Madrid"]
[Source "lmi"]
[SourceDate "2022.07.24"]
[SourceVersion "1"]
[SourceVersionDate "2022.08.06"]
[SourceQuality "1"]

1. Nf3 d5 2. g3 Nd7 3. d4 Nb6 4. Nbd2 Bf5 5. Nh4 e6 6. Bg2 Be7 7. Nxf5 exf5 8.
c4 c6 9. c5 Nd7 10. Qc2 g6 11. b4 Ngf6 12. Nb3 O-O 13. a4 a6 14. O-O Re8 15.
Bb2 h5 16. b5 h4 17. bxc6 bxc6 18. Bc3 hxg3 19. hxg3 Kg7 20. Bf3 Ne4 21. e3 Bg5
22. Kg2 Ndf6 23. Nd2 Qc7 24. Rae1 Re6 25. Rh1 Nxd2 26. Bxd2 Ne4 1/2-1/2

[Event "10. Torneo I. Cidade de Pontevedra 2022"]
[Site "Pontevedra ESP"]
[Date "2022.07.27"]
[Round "6.5"]
[White "Fernandez Lopez, Ruben"]
[Black "Mirzoev, Emil"]
[Result "0-1"]
[WhiteElo "2324"]
[BlackElo "2493"]
[PlyCount "86"]
[EventDate "2022.07.24"]
[EventType "swiss"]
[EventRounds "9"]
[EventCountry "ESP"]
[SourceTitle "Ajedrez en Madrid"]
[Source "lmi"]
[SourceDate "2022.07.24"]
[SourceVersion "1"]
[SourceVersionDate "2022.08.06"]
[SourceQuality "1"]

1. e4 e5 2. Nf3 Nc6 3. Bb5 a6 4. Ba4 Bc5 5. O-O d6 6. c3 Bd7 7. d4 Ba7 8. Bg5
f6 9. Be3 Nge7 10. d5 Nb8 11. Bxa7 Rxa7 12. Bxd7+ Nxd7 13. c4 O-O 14. Nc3 h6
15. b4 f5 16. Nd2 fxe4 17. Ndxe4 Nf6 18. Rc1 Ra8 19. Qd3 Nh5 20. Ne2 b6 21.
Rfd1 a5 22. a3 axb4 23. axb4 Nf4 24. Nxf4 Rxf4 25. Ra1 Rf8 26. f3 Kh8 27. Nc3
Rf4 28. Nb5 Rxa1 29. Rxa1 Rf7 30. Ra7 Nf5 31. c5 bxc5 32. bxc5 Qg5 33. cxd6 e4
34. Qc2 Qe3+ 35. Kf1 Qxa7 36. dxc7 Qa1+ 37. Ke2 exf3+ 38. Kf2 Nd6 39. gxf3 Nc8
40. Qe2 Re7 41. Qd2 Qe5 42. f4 Qh5 43. Kg3 Re2 0-1

[Event "10. Torneo I. Cidade de Pontevedra 2022"]
[Site "Pontevedra ESP"]
[Date "2022.07.27"]
[Round "6.6"]
[White "Contin, Daniel"]
[Black "Del Rio De Angelis, Salvador G."]
[Result "1/2-1/2"]
[WhiteElo "2206"]
[BlackElo "2442"]
[PlyCount "41"]
[EventDate "2022.07.24"]
[EventType "swiss"]
[EventRounds "9"]
[EventCountry "ESP"]
[SourceTitle "Ajedrez en Madrid"]
[Source "lmi"]
[SourceDate "2022.07.24"]
[SourceVersion "1"]
[SourceVersionDate "2022.08.06"]
[SourceQuality "1"]

1. c4 b6 2. Nc3 e6 3. d4 Bb4 4. Qc2 Bb7 5. a3 Bxc3+ 6. Qxc3 f5 7. Nh3 Nf6 8. f3
O-O 9. b3 c5 10. dxc5 bxc5 11. Bb2 Nc6 12. e3 Qe7 13. Nf4 a5 14. Be2 a4 15. b4
cxb4 16. axb4 Qxb4 17. Qxb4 Nxb4 18. Bxf6 Nc2+ 19. Kd2 Nxa1 20. Bxa1 Ba6 21.
Rc1 1/2-1/2

[Event "10. Torneo I. Cidade de Pontevedra 2022"]
[Site "Pontevedra ESP"]
[Date "2022.07.27"]
[Round "6.7"]
[White "Garrido Outon, Alex"]
[Black "Grieve, Harry"]
[Result "1-0"]
[WhiteElo "2436"]
[BlackElo "2390"]
[PlyCount "101"]
[EventDate "2022.07.24"]
[EventType "swiss"]
[EventRounds "9"]
[EventCountry "ESP"]
[SourceTitle "Ajedrez en Madrid"]
[Source "lmi"]
[SourceDate "2022.07.24"]
[SourceVersion "1"]
[SourceVersionDate "2022.08.06"]
[SourceQuality "1"]

1. e4 c5 2. Nf3 e6 3. d4 cxd4 4. Nxd4 Nc6 5. Nc3 Qc7 6. g4 a6 7. Be3 Nxd4 8.
Qxd4 b5 9. O-O-O Bb7 10. f3 Rc8 11. Qd2 Bb4 12. Bd4 f6 13. g5 h6 14. gxh6 Nxh6
15. a3 Bxa3 16. bxa3 e5 17. Nxb5 axb5 18. Bb2 Nf7 19. h4 d5 20. Bxb5+ Kf8 21.
Qb4+ Kg8 22. Kb1 Bc6 23. Bxc6 Qxc6 24. exd5 Qxc2+ 25. Ka1 Qf5 26. d6 Rd8 27.
Rhg1 Kh7 28. d7 Rxd7 29. Rxd7 Qxd7 30. Qe4+ Kg8 31. Qg6 Kf8 32. f4 Ke7 33. fxe5
fxe5 34. Qxg7 Qe6 35. Re1 Rxh4 36. Bxe5 Rg4 37. Qh7 Qg6 38. Bc3+ Kd7 39. Qh3
Qf5 40. Rf1 Ng5 41. Rd1+ Kc6 42. Qh8 Qe6 43. Qa8+ Kb6 44. Qa5+ Kc6 45. Qa6+ Kc5
46. Bb4+ Rxb4 47. axb4+ Kxb4 48. Rb1+ Kc5 49. Qb5+ Kd6 50. Rd1+ Kc7 51. Rc1+
1-0

[Event "10. Torneo I. Cidade de Pontevedra 2022"]
[Site "Pontevedra ESP"]
[Date "2022.07.27"]
[Round "6.8"]
[White "Roque Sola, Jose Luis"]
[Black "Martinez Reyes, Pedro Ramon"]
[Result "0-1"]
[WhiteElo "2098"]
[BlackElo "2408"]
[PlyCount "116"]
[EventDate "2022.07.24"]
[EventType "swiss"]
[EventRounds "9"]
[EventCountry "ESP"]
[SourceTitle "Ajedrez en Madrid"]
[Source "lmi"]
[SourceDate "2022.07.24"]
[SourceVersion "1"]
[SourceVersionDate "2022.08.06"]
[SourceQuality "1"]

1. e4 e6 2. d4 d5 3. Nd2 Nf6 4. e5 Ne4 5. Bd3 Nxd2 6. Bxd2 c5 7. c3 cxd4 8.
cxd4 Qb6 9. Bc3 Bd7 10. Ne2 Bb5 11. Bc2 Nc6 12. O-O Bb4 13. Re1 Qa5 14. Qd2
Bxc3 15. Nxc3 Qb6 16. Rad1 Ba6 17. b3 Rc8 18. Na4 Qb4 19. Qe3 Bb5 20. Nc3 Nxd4
21. Nxd5 Nxc2 22. Nxb4 Nxe3 23. Rxe3 a5 24. Nd3 Ke7 25. a4 Ba6 26. b4 Bxd3 27.
Rexd3 Rhd8 28. Kf1 axb4 29. Rxd8 Rxd8 30. Rb1 Rd4 31. Ke2 f6 32. exf6+ gxf6 33.
Ke3 e5 34. g3 Kd6 35. f4 Kd5 36. fxe5 fxe5 37. a5 Kc4 38. Rc1+ Kb5 39. Rc7 Ka6
40. Re7 b3 41. Re6+ Kb5 42. Rb6+ Kxa5 43. Rxb3 b5 44. Ra3+ Kb6 45. Ra8 b4 46.
Re8 Rd5 47. Ke4 Rb5 48. Rb8+ Kc5 49. Rc8+ Kd6 50. Rd8+ Ke6 51. Rd2 b3 52. Rb2
Rb4+ 53. Kd3 Kf5 54. h3 Rb7 55. Rf2+ Ke6 56. Rb2 Kd5 57. Kc3 Ke4 58. g4 Kf3 0-1

[Event "10. Torneo I. Cidade de Pontevedra 2022"]
[Site "Pontevedra ESP"]
[Date "2022.07.27"]
[Round "6.9"]
[White "Gonzalez Perez, Arian"]
[Black "Gomez Carreno, Martin"]
[Result "1-0"]
[WhiteElo "2418"]
[BlackElo "2155"]
[PlyCount "95"]
[EventDate "2022.07.24"]
[EventType "swiss"]
[EventRounds "9"]
[EventCountry "ESP"]
[SourceTitle "Ajedrez en Madrid"]
[Source "lmi"]
[SourceDate "2022.07.24"]
[SourceVersion "1"]
[SourceVersionDate "2022.08.06"]
[SourceQuality "1"]

1. d4 Nf6 2. c4 e6 3. Nf3 d5 4. cxd5 exd5 5. Nc3 a6 6. Bg5 Be6 7. e3 Bd6 8. Bd3
Nbd7 9. O-O c6 10. Qd2 O-O 11. Bf4 Qc7 12. h3 Nh5 13. Bxd6 Qxd6 14. Ne2 g6 15.
Rac1 Ng7 16. Ng3 Rfe8 17. b4 b5 18. e4 Rac8 19. e5 Qe7 20. Rfe1 Nf8 21. a3 Bf5
22. Nxf5 Nxf5 23. Bxf5 gxf5 24. Qf4 Qe6 25. Ng5 Qg6 26. Rc3 Kh8 27. Rg3 f6 28.
Nf3 Qh5 29. exf6 Rxe1+ 30. Nxe1 Re8 31. Nf3 Ne6 32. Qe5 Qf7 33. Qxf5 Rf8 34.
Ng5 Nxg5 35. Qxg5 Qxf6 36. Qxf6+ Rxf6 37. Kf1 h6 38. Ke2 Kh7 39. Rf3 Re6+ 40.
Re3 Rf6 41. g3 Kg6 42. f4 Kf7 43. Kf3 Rg6 44. g4 h5 45. g5 Re6 46. f5 Rd6 47.
Kf4 Rd7 48. Re6 1-0

[Event "10. Torneo I. Cidade de Pontevedra 2022"]
[Site "Pontevedra ESP"]
[Date "2022.07.27"]
[Round "6.10"]
[White "Tadevosyan, Aspet"]
[Black "Lu, Maximillian"]
[Result "0-1"]
[WhiteElo "2177"]
[BlackElo "2398"]
[PlyCount "90"]
[EventDate "2022.07.24"]
[EventType "swiss"]
[EventRounds "9"]
[EventCountry "ESP"]
[SourceTitle "Ajedrez en Madrid"]
[Source "lmi"]
[SourceDate "2022.07.24"]
[SourceVersion "1"]
[SourceVersionDate "2022.08.06"]
[SourceQuality "1"]

1. Nf3 Nf6 2. c4 b6 3. g3 Bb7 4. Bg2 g6 5. O-O Bg7 6. d4 O-O 7. Nc3 Ne4 8. Bd2
c5 9. d5 Nxc3 10. Bxc3 Bxc3 11. bxc3 d6 12. a4 Nd7 13. e4 Ba6 14. Nd2 e5 15.
Re1 Kh8 16. Ra2 f5 17. exf5 gxf5 18. Qa1 Rb8 19. a5 b5 20. cxb5 Bxb5 21. c4 Ba6
22. Rb1 Qf6 23. Rxb8 Rxb8 24. Rb2 Rxb2 25. Qxb2 Kg7 26. f3 h5 27. Qc3 h4 28. g4
e4 29. Qe3 exf3 30. Bxf3 fxg4 31. Bxg4 Ne5 32. Be2 Qg6+ 33. Kh1 Bc8 34. Bf1 Bf5
35. Bg2 Qg4 36. h3 Qg6 37. Nf3 Qg3 38. Qg5+ Qxg5 39. Nxg5 Kf6 40. Ne6 Bxe6 41.
dxe6 Nxc4 42. Bd5 Ne3 43. Ba2 d5 44. Kg1 c4 45. Kf2 Nd1+ 0-1

[Event "10. Torneo I. Cidade de Pontevedra 2022"]
[Site "Pontevedra ESP"]
[Date "2022.07.27"]
[Round "6.11"]
[White "Medarde Santiago, Luis Marcos"]
[Black "Alvarez Pampillon, Antonio"]
[Result "0-1"]
[WhiteElo "2330"]
[BlackElo "2019"]
[PlyCount "122"]
[EventDate "2022.07.24"]
[EventType "swiss"]
[EventRounds "9"]
[EventCountry "ESP"]
[SourceTitle "Ajedrez en Madrid"]
[Source "lmi"]
[SourceDate "2022.07.24"]
[SourceVersion "1"]
[SourceVersionDate "2022.08.06"]
[SourceQuality "1"]

1. e4 c5 2. Nf3 g6 3. d4 cxd4 4. Nxd4 Bg7 5. c4 Nc6 6. Be3 Nf6 7. Nc3 O-O 8.
Be2 d6 9. f3 Bd7 10. Qd2 Nxd4 11. Bxd4 a5 12. h4 a4 13. g4 Qa5 14. O-O-O Rfc8
15. Kb1 Be6 16. Nd5 Bxd5 17. cxd5 Qxd2 18. Rxd2 Nd7 19. Be3 Nc5 20. Rc1 a3 21.
b3 Bb2 22. Rf1 Nd7 23. g5 Ra5 24. Rc2 Rxc2 25. Kxc2 f6 26. f4 Ra8 27. b4 Rc8+
28. Kb1 Rc3 29. Bd4 Rg3 30. Rg1 Rh3 31. Bf2 Rh2 32. Rf1 Bd4 33. Bxd4 Rxe2 34.
Bc3 Rxe4 35. Kc2 Re2+ 36. Kb3 Nb6 37. gxf6 exf6 38. Bxf6 Re3+ 39. Kc2 Nxd5 40.
Bg5 Nxb4+ 41. Kd2 Rd3+ 42. Ke2 Rh3 43. Be7 Nxa2 44. Kf2 Rh2+ 45. Ke3 b5 46.
Bxd6 b4 47. f5 Rh3+ 48. Kd2 Rxh4 49. fxg6 Rd4+ 50. Kc2 Rxd6 51. gxh7+ Kxh7 52.
Rf4 Rb6 53. Kb1 b3 54. Rf3 Nc1 55. Rc3 Ne2 56. Re3 Nd4 57. Rc3 Nc2 58. Rh3+ Kg6
59. Rg3+ Kf5 60. Rxb3 Rxb3+ 61. Ka2 Rb2# 0-1

[Event "10. Torneo I. Cidade de Pontevedra 2022"]
[Site "Pontevedra ESP"]
[Date "2022.07.27"]
[Round "6.12"]
[White "Cabezas Ayala, Ivan"]
[Black "Reguillaga Elias, Manex"]
[Result "1-0"]
[WhiteElo "2296"]
[BlackElo "1901"]
[PlyCount "67"]
[EventDate "2022.07.24"]
[EventType "swiss"]
[EventRounds "9"]
[EventCountry "ESP"]
[SourceTitle "Ajedrez en Madrid"]
[Source "lmi"]
[SourceDate "2022.07.24"]
[SourceVersion "1"]
[SourceVersionDate "2022.08.06"]
[SourceQuality "1"]

1. e4 e6 2. d4 d5 3. Nc3 Nf6 4. e5 Nfd7 5. f4 c5 6. Nf3 Nc6 7. Be3 a6 8. Qd2 b5
9. dxc5 Bxc5 10. Bd3 Qb6 11. Bf2 Bxf2+ 12. Qxf2 Nc5 13. O-O b4 14. Ne2 a5 15.
Ned4 Nxd3 16. cxd3 Nxd4 17. Qxd4 Qxd4+ 18. Nxd4 Ba6 19. Rfd1 Kd7 20. Kf2 Rac8
21. Ke3 Rc7 22. Rdc1 Rhc8 23. Rxc7+ Rxc7 24. a3 b3 25. Nxb3 Rc2 26. Rc1 Bxd3
27. Nc5+ Ke7 28. Nxd3 Rxg2 29. Rc7+ Ke8 30. b4 axb4 31. axb4 Rxh2 32. b5 Rh1
33. b6 Rb1 34. b7 1-0

[Event "10. Torneo I. Cidade de Pontevedra 2022"]
[Site "Pontevedra ESP"]
[Date "2022.07.27"]
[Round "6.13"]
[White "Sarabando, Rodrigo Andias"]
[Black "Krutti, Valer"]
[Result "1/2-1/2"]
[WhiteElo "1915"]
[BlackElo "2292"]
[PlyCount "40"]
[EventDate "2022.07.24"]
[EventType "swiss"]
[EventRounds "9"]
[EventCountry "ESP"]
[SourceTitle "Ajedrez en Madrid"]
[Source "lmi"]
[SourceDate "2022.07.24"]
[SourceVersion "1"]
[SourceVersionDate "2022.08.06"]
[SourceQuality "1"]

1. d4 d5 2. c4 c6 3. Nf3 Nf6 4. Nc3 a6 5. cxd5 cxd5 6. Bg5 Ne4 7. Bf4 Nc6 8. e3
Qa5 9. Qb3 Nxc3 10. bxc3 g6 11. Bd3 Bg7 12. O-O O-O 13. h3 Qd8 14. Rfd1 Na5 15.
Qb4 Bf5 16. Bxf5 gxf5 17. Nd2 b5 18. a4 Nc6 19. Qb3 Na5 20. Qb4 Nc6 1/2-1/2

[Event "10. Torneo I. Cidade de Pontevedra 2022"]
[Site "Pontevedra ESP"]
[Date "2022.07.27"]
[Round "6.14"]
[White "Gonzalez Perez, Jose Ramon"]
[Black "Villar Perez, Samuel"]
[Result "1/2-1/2"]
[WhiteElo "2161"]
[BlackElo "2188"]
[PlyCount "133"]
[EventDate "2022.07.24"]
[EventType "swiss"]
[EventRounds "9"]
[EventCountry "ESP"]
[SourceTitle "Ajedrez en Madrid"]
[Source "lmi"]
[SourceDate "2022.07.24"]
[SourceVersion "1"]
[SourceVersionDate "2022.08.06"]
[SourceQuality "1"]

1. Nf3 d5 2. b3 Bg4 3. Bb2 Nd7 4. g3 Bxf3 5. exf3 Ngf6 6. Bg2 g6 7. O-O Bg7 8.
d3 O-O 9. f4 c6 10. Nd2 Ne8 11. c3 a5 12. a4 Nd6 13. Qc2 Re8 14. d4 Rc8 15. c4
e6 16. Rfd1 Nf5 17. Nf3 Qb6 18. Rac1 Red8 19. Ba3 Nf6 20. Bc5 Qc7 21. Ne5 Nd7
22. Ba3 Qb6 23. cxd5 Nxd4 24. Nxd7 Rxd7 25. Qc4 exd5 26. Bxd5 Rcd8 27. Bg2 Qxb3
28. Qxb3 Nxb3 29. Rxd7 Rxd7 30. Rb1 Nd4 31. Bc5 Ne6 32. Be3 Bc3 33. Bh3 f5 34.
Bf1 Kf7 35. Bc4 Kf6 36. Kf1 Bb4 37. f3 h6 38. h4 Nc7 39. Kf2 Nd5 40. Bd4+ Ke7
41. Bg7 h5 42. Rb2 Bc3 43. Re2+ Kd8 44. Bxd5 Rxg7 45. Bb3 Bd4+ 46. Kg2 Rd7 47.
g4 fxg4 48. fxg4 hxg4 49. Kg3 b5 50. Kxg4 Bf6 51. h5 gxh5+ 52. Kxh5 Rd4 53.
axb5 cxb5 54. f5 a4 55. Be6 Rf4 56. Kg6 Bc3 57. Kg5 Rf1 58. Bd5 b4 59. Bg2 Ra1
60. f6 Bxf6+ 61. Kxf6 b3 62. Bd5 Rc1 63. Bxb3 axb3 64. Rb2 Rc3 65. Ke5 Kc7 66.
Kd4 Rh3 67. Kc4 1/2-1/2